Statistics for 50 Biggest Cities by Region:Northern Europe

Click here to take the quiz!

General Stats

  • This quiz has been taken 103 times
  • The average score is 25 of 50

Answer Stats

CountryPopulationAnswer% Correct
Denmark1,153,615Copenhagen
100%
Sweden1,515,017Stockholm
100%
Ireland1,024,027Dublin
99%
Latvia742,572Riga
98%
United Kingdom7,556,900London
97%
United Kingdom395,515Manchester
95%
United Kingdom864,122Liverpool
94%
Norway580,000Oslo
93%
Finland558,457Helsinki
91%
United Kingdom984,333Birmingham
90%
United Kingdom591,620Glasgow
90%
Lithuania542,366Vilnius
90%
United Kingdom464,990Edinburgh
88%
United Kingdom455,123Leeds
88%
Estonia394,024Tallinn
87%
United Kingdom274,770Belfast
79%
United Kingdom685,368Sheffield
79%
United Kingdom617,280Bristol
74%
United Kingdom447,287Cardiff
74%
United Kingdom246,201Southampton
73%
Norway213,585Bergen
72%
United Kingdom729,977Nottingham
70%
Lithuania374,643Kaunas
63%
United Kingdom314,018Kingston upon Hull
47%
United Kingdom300,352Swansea
47%
United Kingdom260,203Plymouth
45%
United Kingdom359,262Coventry
44%
United Kingdom299,310Bradford
42%
Finland256,760Espoo
35%
United Kingdom252,791Wolverhampton
29%
United Kingdom270,468Derby
28%
United Kingdom318,014Reading
28%
United Kingdom335,415Sunderland
28%
United Kingdom239,409Blackpool
24%
United Kingdom215,963Northampton
24%
Denmark237,551Arhus
22%
United Kingdom313,332Preston
19%
United Kingdom258,018Luton
14%
United Kingdom306,844Newport
14%
United Kingdom229,941Milton Keynes
13%
Sweden301,706Malmoe
10%
United Kingdom295,310Southend-on-Sea
10%
Sweden572,799Goeteborg
9%
United Kingdom508,916Liecester
6%
United Kingdom228,000Bexley
2%
United Kingdom319,143Islington
2%
United Kingdom215,667Archway
1%
United Kingdom372,775Stock-on-Trent
1%
United Kingdom325,264Birkenhead
0%
United Kingdom247,614City of Westminster
0%

Score Distribution

Percentile by Number Answered

Percent of People with Each Score

Your Score History

You have not taken this quiz